Stade Rennais - le grand quiz - Statistiques

Statistiques générales
  • Ce quiz a été pris 506 fois
  • Le résultat moyen est 21 sur 30
Statistiques - réponses
Question Réponse % Correct
En quelle année a été fondé le Stade Rennais ? 1901
94%
Combien de Coupe de France a gagné le club ? 3
92%
Quel ancien joueur lensois numéro 14 fait le bonheur du club depuis 2017 ? Benjamin Bourigeaud
90%
Quel champion du monde 2018 formé au club est transféré de Dortmund au FC Barcelone en 2017 pour 105 millions d’euros ? Ousmane Dembélé
90%
Combien de championnats a gagné le club ? 0
88%
Quel trophée l’équipe remporte durant cette fameuse saison 2018-19 ? Coupe de France
88%
Quel milieu de terrain français futur international formé au club part au Real Madrid à l’été 2021 ? Eduardo Camavinga
88%
Quelle équipe ont-ils battu afin de remporter le trophée ? Paris Saint-Germain
87%
Quelle légende marseillaise rallie Rennes à l’été 2022 ? Steve Mandanda
87%
Quelle compétition européenne les rennais atteignent pour la première fois en 2020 ? Ligue des Champions
85%
Qui est actuellement l’équipementier du Stade Rennais ? Puma
85%
Quel nom porte le stade du club depuis 2015 ? Roazhon Park
85%
Quel ancien joueur de Strasbourg et Lyon fait lui aussi le bonheur du club breton depuis 2020 ? Martin Terrier
83%
Quel entraîneur dirige le club de 2021 à 2023 ? Bruno Génésio
82%
Quel jeune entraîneur est à la tête du club lors de cette saison ? Julien Stéphan
82%
Quel gardien tchèque célèbre évolue au club de 2002 à 2004 ? Petr Čech
80%
Par quel club sera t-il éliminé ? Arsenal
78%
Quel milliardaire rachète le club en 1998 ? François Pinault
77%
Quel nom portait-il avant ? Stade de la route de Lorient
76%
Quel énorme club européen les rennais ont tirés pour les barrages de la Ligue Europa 2023-24 ? AC Milan
71%
Quel joueur très controversé fait une très bonne saison 2018-19 mais finit par se faire renvoyer après avoir critiqué le club ? Hatem Ben Arfa
69%
Quel buteur suisse évolue au club de 2003 à 2006 ? Alexander Frei
64%
Quel buteur de la finale de l’Euro 2000 est formé au club et en est une des figures dans les années 90 ? Sylvain Wiltord
59%
Qui préside le club de 2017 à 2020 ? Olivier Létang
53%
Quelle société pharmaceutique américaine est sponsor du club de 1982 à 1993 ? Pfizer
43%
Quel club de l’Est de l’Europe élimine le Stade Rennais en barrages de la Ligue Europa 2022-23 ? Chakhtar Donetsk
38%
Quel stade de l’Europa League 2018-2019 le club breton atteint-il ? Huitièmes
34%
Comment se nomme l’entraîneur du club de 1964 à 1972 ? Jean Prouff
24%
Qui est actuellement le meilleur buteur de l’histoire du club ? Jean Grumellon
14%
Qui est actuellement le joueur le plus capé de l’histoire du club ? Yves Boutet
11%
Aucun quiz correspondant
Distribution des résultats
% des personnes avec chaque résultat
Percentile par nombre de réponses
Votre historique - résultats
Vous n’avez pas pris ce quiz